Dr. OETKER´S REZEPTE (Record no. 9118)

MARC details
000 -CABECERA
campo de control de longitud fija 00620nam a2200229 a 4500
001 - NÚMERO DE CONTROL
campo de control BRL_305
005 - FECHA Y HORA DE LA ÚLTIMA TRANSACCIÓN
campo de control 20190320210658.0
008 - DATOS DE LONGITUD FIJA--INFORMACIÓN GENERAL
campo de control de longitud fija 230713s19uu----gw-#######---#000-0#ger-#
041 ## - CÓDIGO DE LENGUA
Código de lengua del texto/banda sonora o título independiente ger
044 ## - CÓDIGO DEL PAÍS DE LA ENTIDAD EDITORA/PRODUCTORA
Código MARC del país gw
050 #4 - SIGNATURA TOPOGRÁFICA DE LA BIBLIOTECA DEL CONGRESO
Número de clasificación TX716
Número de documento/Ítem .O38 1900
100 1# - ENTRADA PRINCIPAL--NOMBRE DE PERSONA
Nombre de persona Oetker
9 (RLIN) 23501
245 10 - MENCIÓN DE TÍTULO
Título Dr. OETKER´S REZEPTE
Resto del título fur Kuche und Haus
Mención de responsabilidad, etc. Oetker.
260 ## - PUBLICACIÓN, DISTRIBUCIÓN, ETC.
Lugar de publicación, distribución, etc. [Alemania]
Nombre del editor, distribuidor, etc. [s.e.]
Fecha de publicación, distribución, etc. [19--]
300 ## - DESCRIPCIÓN FÍSICA
Extensión 80 p.
Dimensiones 15 cm.
500 ## - NOTA GENERAL
Nota general Au2337
500 ## - NOTA GENERAL
Nota general Estado físico: Tapa rota
650 14 - PUNTO DE ACCESO ADICIONAL DE MATERIA--TÉRMINO DE MATERIA
Término de materia o nombre geográfico como elemento de entrada Cocina
9 (RLIN) 5735
740 0# - PUNTO DE ACCESO ADICIONAL--TÍTULO RELACIONADO O ANALÍTICO NO CONTROLADO
Título relacionado o analítico no controlado Ein Heller Kopf Verwendet nur dr Oetker´s Rezepte fur Kuche und Haus
902 ## - CATALOGADOR
Iniciales GRL
942 ## - ELEMENTOS DE PUNTO DE ACCESO ADICIONAL (KOHA)
Fuente del sistema de clasificación o colocación Library of Congress Classification
Tipo de ítem Koha Libros
Holdings
Estado de retiro Estado de pérdida Estado dañado No para préstamo Localización permanente Ubicación/localización actual Fecha de adquisición Número de inventario Total de préstamos Signatura topográfica completa Código de barras Fecha visto por última vez Precio válido a partir de Tipo de ítem Koha
El ejemplar forma parte de la colección y puede ser consultado según las políticas vigentes.       Biblioteca Centro de Estudios Ruth D. Lechuga Biblioteca Centro de Estudios Ruth D. Lechuga 23/07/2013 Au2337   TX716 .O38 1900 (Au2337) GRL00321 22/03/2019 22/03/2019 Libros